<?xml version="1.0" encoding="UTF-8"?>
<collection xmlns="http://www.loc.gov/MARC21/slim">
    <record>
        <controlfield tag="001">45733</controlfield>
        <controlfield tag="005">20170831220521.0</controlfield>
        <datafield tag="037" ind1=" " ind2=" ">
            <subfield code="a">GDOC-2010-1141</subfield>
        </datafield>
        <datafield tag="041" ind1=" " ind2=" ">
            <subfield code="a">spa</subfield>
        </datafield>
        <datafield tag="100" ind1=" " ind2=" ">
            <subfield code="0">(orcid)0000-0003-3003-5856</subfield>
            <subfield code="a">González Ibáñez, David</subfield>
        </datafield>
        <datafield tag="245" ind1="0" ind2="0">
            <subfield code="9">66413</subfield>
            <subfield code="a">Problemas multifísicos y multiescala</subfield>
        </datafield>
        <datafield tag="260" ind1=" " ind2=" ">
            <subfield code="a">Zaragoza</subfield>
            <subfield code="b">Universidad de Zaragoza</subfield>
            <subfield code="c">2010-2011</subfield>
        </datafield>
        <datafield tag="520" ind1=" " ind2=" ">
            <subfield code="a">La asignatura consta de dos grandes bloques, aunque conceptualmente pueden darse unificados en múltiples ocasiones. Por un lado, los problemas multifísicos ocupan la primera parte de la asignatura, más corta. La segunda, dedicada a los fenómenos multiescala, sigue una aproximación bottom-up, es decir, partiendo de la descripción más fina de la materia (modelo estándar), se sigue un proceso de coarse-graining hasta llegar al continuo. A lo largo del camino se estudian las técnicas numéricas más habituales para trabajar en cada escala.</subfield>
        </datafield>
        <datafield tag="521" ind1=" " ind2=" ">
            <subfield code="9">653</subfield>
            <subfield code="a">Máster Universitario en Mecánica Aplicada</subfield>
        </datafield>
        <datafield tag="540" ind1=" " ind2=" ">
            <subfield code="a">by-nc-sa</subfield>
            <subfield code="b">Creative Commons</subfield>
            <subfield code="c">3.0</subfield>
            <subfield code="u">http://creativecommons.org/licenses/by-nc-sa/3.0/</subfield>
        </datafield>
        <datafield tag="700" ind1=" " ind2=" ">
            <subfield code="0">(orcid)0000-0003-0669-777X</subfield>
            <subfield code="a">Pérez del Palomar Aldea, María Amaya</subfield>
        </datafield>
        <datafield tag="700" ind1=" " ind2=" ">
            <subfield code="0">(orcid)0000-0003-1017-4381</subfield>
            <subfield code="a">Cueto Prendes, Elias</subfield>
        </datafield>
        <datafield tag="830" ind1=" " ind2=" ">
            <subfield code="9">325</subfield>
        </datafield>
        <datafield tag="856" ind1="4" ind2=" ">
            <subfield code="s">92566</subfield>
            <subfield code="u">http://zaguan.unizar.es/record/45733/files/guia.pdf</subfield>
            <subfield code="y">Guía (idioma español)</subfield>
        </datafield>
        <datafield tag="980" ind1=" " ind2=" ">
            <subfield code="a">GDOC</subfield>
            <subfield code="b">Ingeniería y Arquitectura</subfield>
            <subfield code="c">106</subfield>
        </datafield>
    </record>

    
</collection>